| 000 | 00449nam a2200193Ia 4500 | ||
|---|---|---|---|
| 999 |
_c2903 _d2903 |
||
| 003 | 0100 | ||
| 008 | 130227s9999 xx 000 0 und d | ||
| 040 | _cARRUPELIB | ||
| 050 | _aDT469.M26F255 | ||
| 100 |
_aFaublee, J. _930373 |
||
| 245 | _aL'Ethnographie de Madagascar | ||
| 260 |
_bEdit. de France et d'Outre-Mer _aParis _c1946 |
||
| 300 | _a168p | ||
| 300 | _b 21cm | ||
| 440 |
_aBibliotheque d'Outre-Mer _930374 |
||
| 650 |
_aMadagascar _xSocial life & customs _930375 |
||
| 942 |
_2lcc _cMONOGRAPH |
||